Statystyki dla Państwa, przez które przebiegają Karpaty.

Kliknij tutaj aby rozwiązać quiz!

Ogólne statystyki

  • Ten quiz został rozwiązany 87 razy
  • Średni wynik to 7 z 8

Statystyki odpowiedzi

Odpowiedź% Poprawnych
3.Polska
100%
6.Słowacja
100%
7.Ukraina
99%
2.Czechy
98%
8.Węgry
94%
4.Rumunia
91%
1.Austria
88%
5.Serbia
72%

Rozkład punktacji

Percentyl według liczby udzielonych odpowiedzi

Procent ludzi z każdym wynikiem

Twoja historia wyników

Nie rozwiązałeś tego quizu